Every TDS Event - Statistics

General Stats
  • This quiz has been taken 15 times
  • The average score is 13 of 17
Answer Stats
Year Event Abbreviation Final Boss % Correct
2019 Area 51 A51 Raider Boss
100%
2022 Duck Hunt DH Ducky D00M
82%
2021 Frost Invasion FI Frost Spirit
82%
2023 Lunar Overture LO Left Hand and Right Hand
82%
2024 Pls Donate PD Corrupted Haz3mn
82%
2024 The Classic TC Korblox Deathwalker
82%
2024 The Hunt TH Korblox Deathwalker
82%
2019 Christmas 2019 C19 Krampus
73%
2020 Easter 2020 E20 Ducky D00M
73%
2019 Halloween 2019 H19 Jack O' Bot
73%
2020 Halloween 2020 H20 Lord Sinister
73%
2024 Hexscape HS Primordial Drakobloxxer
73%
2024 Operation I.C.E OI Frost Spirit
73%
2021 Solar Eclipse SE The Umbra
73%
2022 Violent Night VN Mecha Claus
73%
2023 Krampus' Revenge KR Krampus
64%
2019 Sword Fighting on the Heights SFOTH Swordmaster
18%
No matching quizzes found
Score Distribution
Percent of People with Each Score
Percentile by Number Answered
Your Score History
You have not taken this quiz